ਹਯਾਤੀ ਦਾ ਬਾਦਬਾਂ : (Record no. 110850)

MARC details
000 -LEADER
fixed length control field 00962nam a22002417a 4500
005 - DATE AND TIME OF LATEST TRANSACTION
control field 20170123164158.0
010 ## - LIBRARY OF CONGRESS CONTROL NUMBER
LC control number A-339395
020 ## - INTERNATIONAL STANDARD BOOK NUMBER
Terms of availability 55.00
035 ## - SYSTEM CONTROL NUMBER
System control number A-339395
040 ## - CATALOGING SOURCE
Original cataloging agency DPL
Language of cataloging PN
082 ## - DEWEY DECIMAL CLASSIFICATION NUMBER
Classification number
Item number ਮੱਕੜ
100 ## - MAIN ENTRY--PERSONAL NAME
Personal name ਮੱਕੜ, ਸ਼ਰਨ
9 (RLIN) 131952
245 ## - TITLE STATEMENT
Title ਹਯਾਤੀ ਦਾ ਬਾਦਬਾਂ :
Statement of responsibility, etc ਸ਼ਰਨ ਮੱਕੜ
Remainder of title ਕਹਾਣੀਆਂ /
246 ## - VARYING FORM OF TITLE
Title proper/short title Hayati da badban : short stories /
Remainder of title by Shran Makkar
260 ## - PUBLICATION, DISTRIBUTION, ETC. (IMPRINT)
Place of publication, distribution, etc ਅੰਮ੍ਰਿਤਸਰ
Name of publisher, distributor, etc ਲੋਕ ਸਾਹਿਤ ਪ੍ਰਕਾਸ਼ਨ
Date of publication, distribution, etc 1987
270 ## - ADDRESS
Address 186, ਗਰੀਨ ਔਵਿਨਿਊ
City ਅੰਮ੍ਰਿਤਸਰ
300 ## - PHYSICAL DESCRIPTION
Extent 139p.
Dimensions 19cm(Hb)
650 ## - SUBJECT ADDED ENTRY--TOPICAL TERM
Topical term or geographic name as entry element ਪੰਜਾਬੀ ਸਾਹਿਤ- ਲਘੂ ਕਹਾਣੀਆਂ
9 (RLIN) 8034
650 ## - SUBJECT ADDED ENTRY--TOPICAL TERM
Topical term or geographic name as entry element ਪੰਜਾਬੀ ਸਾਹਿਤ
9 (RLIN) 131953
650 ## - SUBJECT ADDED ENTRY--TOPICAL TERM
Topical term or geographic name as entry element Punjabi Literature- Short stories
9 (RLIN) 8035
650 ## - SUBJECT ADDED ENTRY--TOPICAL TERM
Topical term or geographic name as entry element Punjabi Literature
9 (RLIN) 131954
942 ## - ADDED ENTRY ELEMENTS (KOHA)
Source of classification or shelving scheme Dewey Decimal Classification
Koha item type Punjabi Bks
Classification part
Call number suffix ਮੱਕੜ
Holdings
Withdrawn status Lost status Damaged status Not for loan Home library Current library Date acquired Source of acquisition Cost, normal purchase price Total Checkouts Full call number Barcode Date last seen Copy number Cost, replacement price Price effective from Koha item type
        Central Library Central Library 09/02/2016 Cen Lib/Ret 55.00   ਕ ਮੱਕੜ A-339395 09/02/2016 1 55.00 09/02/2016 Punjabi Bks

© Delhi Public Library
Hit Counter
free hit counter